[Event "Heusenstamm Schloss op"]
[Site "Heusenstamm"]
[Date "2022.11.19"]
[Round "5"]
[White "Kosak, Matjaz"]
[Black "Hering, Sven"]
[Result "0-1"]
[WhiteElo "1749"]
[BlackElo "1908"]
[PlyCount "118"]
[EventDate "2022.11.17"]
[EventType "swiss"]
[EventRounds "7"]
[EventCountry "GER"]
[SourceTitle "CBM 212 Extra"]
[Source "ChessBase"]
[SourceDate "2023.03.31"]
[SourceVersion "1"]
[SourceVersionDate "2023.03.31"]
[SourceQuality "1"]

1. e4 c5 2. c3 Nf6 3. e5 Nd5 4. Nf3 Nc6 5. Bc4 Nb6 6. Bb3 d6 7. exd6 Qxd6 8. 0-0 Bf5 9. d4 cxd4 10. cxd4 Rd8 11. Be3 e6 12. Nc3 Be7 13. a4 0-0 14. h3 Nb4 15. Ne5 N6d5 16. Qf3 a6 17. Rac1 Qb8 18. g4 Bg6 19. Rfd1 Bd6 20. Nxd5 Nxd5 21. Bxd5 exd5 22. Qxd5 Rfe8 23. Qb3 Be4 24. Qxf7+ Kh8 25. f4 a5 26. Qc4 Bxe5 27. dxe5 Bc6 28. Bb6 Rc8 29. Qd4 Qa8 30. f5 Bf3 31. Rxc8 Qxc8 32. Qd8 Bxd1 33. Qxd1 Rxe5 34. Qd2 Qc6 35. Bd4 Rd5 36. Qf4 Qd6 37. Qxd6 Rxd6 38. Bc3 Kg8 39. Kf2 Kf7 40. Ke3 Rd8 41. Bxa5 Ra8 42. b4 Ra6 43. Bc7 Rxa4 44. b5 Ra3+ 45. Kf4 Rxh3 46. g5 Rc3 47. b6 Rc6 48. Kg4 Rc1 49. Kf4 Rg1 50. Bd8 Rg2 51. Bc7 Rd2 52. Be5 Rd1 53. Kg4 Rh1 54. Kf4 Rh4+ 55. Kg3 Rb4 56. Bc7 h6 57. gxh6 gxh6 58. Bf4 Rxb6 59. Kh4 Rb4 0-1

[Event "Heusenstamm Sparkassen op-A 7th"]
[Site "Heusenstamm"]
[Date "2021.11.19"]
[Round "2.37"]
[White "Kosak, Matjaz"]
[Black "Bergner, Philipp"]
[Result "0-1"]
[WhiteElo "1769"]
[BlackElo "2100"]
[PlyCount "70"]
[EventDate "2021.11.18"]
[EventType "swiss"]
[EventRounds "7"]
[EventCountry "GER"]
[SourceTitle "EXT 2023"]
[Source "ChessBase"]
[SourceDate "2022.10.05"]
[SourceVersion "1"]
[SourceVersionDate "2022.10.05"]
[SourceQuality "1"]

1. e4 c5 2. c3 Nf6 3. e5 Nd5 4. Nf3 e6 5. d4 cxd4 6. cxd4 d6 7. Bc4 Be7 8. Qe2 0-0 9. 0-0 Nc6 10. Nc3 dxe5 11. dxe5 Nxc3 12. bxc3 Qc7 13. Bd3 b6 14. Re1 Bb7 15. Qe4 g6 16. Bh6 Nb4 17. Qe3 Nxd3 18. Qxd3 Rfd8 19. Qe3 Rac8 20. Rac1 Qc4 21. Ng5 Rd3 22. Qe2 Rxc3 23. Rxc3 Qxc3 24. h4 Qc4 25. Qd2 Rd8 26. Qc1 Qd5 27. f3 Qd4+ 28. Kh2 Qxh4+ 29. Nh3 Rc8 30. Qd2 Bb4 31. Qd7 Bxe1 32. Qxb7 Bg3+ 33. Kg1 Rd8 34. Kf1 Qc4+ 35. Kg1 Rd1# 0-1

[Event "Portoroz Nat Festival 30th"]
[Site "Portoroz"]
[Date "2020.09.03"]
[Round "1"]
[White "Kosak, Matjaz"]
[Black "Urbanc, Peter"]
[Result "0-1"]
[WhiteElo "1778"]
[BlackElo "2213"]
[PlyCount "81"]
[EventDate "2020.09.03"]
[EventType "swiss"]
[EventRounds "9"]
[EventCountry "SLO"]
[SourceTitle "CBM 198 Extra"]
[Source "ChessBase"]
[SourceDate "2020.11.30"]
[SourceVersion "1"]
[SourceVersionDate "2020.11.30"]
[SourceQuality "1"]

1. e4 d6 2. d4 Nf6 3. Nc3 Nbd7 4. Be3 e5 5. Nf3 Be7 6. h3 0-0 7. Qd2 c6 8. 0-0-0 b5 9. Bd3 b4 10. Ne2 a5 11. g4 Qc7 12. g5 Nh5 13. c4 bxc3 14. Qxc3 Re8 15. d5 c5 16. Nd2 a4 17. Bb5 Ba6 18. Bxa6 Rxa6 19. Nc4 Rb8 20. Bd2 g6 21. Na5 Bxg5 22. Bxg5 Rxa5 23. Rdg1 a3 24. b3 c4 25. b4 Ra4 26. Kc2 Raxb4 27. Rb1 Rb2+ 28. Rxb2 Rxb2+ 29. Kd1 Rxa2 30. Qf3 Ng7 31. Nc1 Rb2 32. Qxa3 Rxf2 33. Ne2 f6 34. Bh4 Rg2 35. Qf3 Rxe2 36. Kxe2 g5 37. Qg2 Nc5 38. Be1 Qa7 39. Qf3 Nxe4 40. Qe3 Qa2+ 41. Kf3 0-1

[Event "GER-ch Net Amateur Gr-B Vor3"]
[Site "Playchess.com INT"]
[Date "2020.04.16"]
[Round "4"]
[White "Kosak, Matjaz"]
[Black "Lange, Lars"]
[Result "0-1"]
[WhiteElo "1613"]
[BlackElo "1705"]
[PlyCount "90"]
[EventDate "2020.04.16"]
[EventType "swiss (blitz)"]
[EventRounds "9"]
[EventCountry "GER"]
[SourceTitle "CBM 195 Extra"]
[Source "ChessBase"]
[SourceDate "2020.05.31"]
[SourceVersion "1"]
[SourceVersionDate "2020.05.31"]
[SourceQuality "1"]

1. e4 c5 2. Nc3 Nc6 3. f4 g6 4. Nf3 Bg7 5. Bb5 Nd4 6. 0-0 a6 7. Bc4 e6 8. d3 b5 9. Bb3 Bb7 10. Be3 Ne7 11. Bf2 Nec6 12. e5 d6 13. Nxd4 Nxd4 14. Re1 0-0 15. Bxd4 cxd4 16. Nb1 a5 17. a4 b4 18. Nd2 dxe5 19. fxe5 Bd5 20. Bxd5 Qxd5 21. Nc4 Qc5 22. Qf3 Rab8 23. b3 Rfd8 24. Rf1 Rd7 25. Rae1 Rbd8 26. Re4 Rf8 27. Rf2 Rd5 28. Nd6 Rxe5 29. Rxe5 Qxe5 30. Nxf7 Qe1+ 31. Rf1 Qe3+ 32. Qxe3 dxe3 33. Nd6 Bc3 34. Rxf8+ Kxf8 35. Kf1 Ke7 36. Nc4 Bd4 37. Nxa5 Kd6 38. Ke2 Kc5 39. Nc4 Bc3 40. Nxe3 Kd4 41. h3 h5 42. g4 hxg4 43. hxg4 Ke5 44. Nc4+ Kf4 45. a5 Bd4 0-1

[Event "GER-ch Net Amateur Gr-B Vor2"]
[Site "Playchess.com INT"]
[Date "2020.04.15"]
[Round "1"]
[White "Kosak, Matjaz"]
[Black "Kosovska, Olena"]
[Result "0-1"]
[WhiteElo "1545"]
[BlackElo "1696"]
[PlyCount "46"]
[EventDate "2020.04.15"]
[EventType "swiss (blitz)"]
[EventRounds "9"]
[EventCountry "GER"]
[SourceTitle "CBM 196 Extra"]
[Source "ChessBase"]
[SourceDate "2020.07.31"]
[SourceVersion "1"]
[SourceVersionDate "2020.07.31"]
[SourceQuality "1"]

1. e4 e5 2. Nf3 Nc6 3. d4 exd4 4. Bc4 Bb4+ 5. c3 dxc3 6. bxc3 Be7 7. Qd5 Nh6 8. Bxh6 0-0 9. Be3 d6 10. Ng5 Ne5 11. Bb3 Bxg5 12. Bxg5 Qxg5 13. Rg1 Be6 14. Qd2 Nf3+ 15. gxf3 Qxg1+ 16. Ke2 Qxh2 17. Na3 Bxb3 18. axb3 f5 19. Qd5+ Kh8 20. exf5 Rae8+ 21. Kd3 Qxf2 22. c4 Re3+ 23. Kd4 Qd2# 0-1

[Event "GER-ch Net Amateur Gr-B Vor2"]
[Site "Playchess.com INT"]
[Date "2020.04.15"]
[Round "3"]
[White "Kosak, Matjaz"]
[Black "Viol, Julius"]
[Result "1-0"]
[WhiteElo "1584"]
[BlackElo "1650"]
[PlyCount "89"]
[EventDate "2020.04.15"]
[EventType "swiss (blitz)"]
[EventRounds "9"]
[EventCountry "GER"]
[SourceTitle "CBM 196 Extra"]
[Source "ChessBase"]
[SourceDate "2020.07.31"]
[SourceVersion "1"]
[SourceVersionDate "2020.07.31"]
[SourceQuality "1"]

1. e4 e5 2. Nf3 Nc6 3. d4 exd4 4. Bc4 Bc5 5. c3 dxc3 6. Bxf7+ Kxf7 7. Qd5+ Ke8 8. Qh5+ g6 9. Qxc5 d6 10. Qxc3 Qf6 11. 0-0 Bg4 12. e5 dxe5 13. Nxe5 Nxe5 14. Re1 Ne7 15. Rxe5 Kf7 16. Bg5 Qd6 17. Rxe7+ Qxe7 18. Bxe7 Kxe7 19. Qxc7+ Kf6 20. Qd6+ Be6 21. Nc3 Rad8 22. Ne4+ Kf5 23. Ng3+ Kf6 24. Qf4+ Bf5 25. Re1 Rhe8 26. Rxe8 Rxe8 27. h3 Re1+ 28. Kh2 Ra1 29. Ne4+ Kg7 30. Qe5+ Kh6 31. Qf4+ Kg7 32. a3 Re1 33. Nd6 Bb1 34. Qd4+ Kg8 35. Qxa7 Re2 36. Qxb7 Ba2 37. a4 Rxf2 38. a5 Rd2 39. a6 Bd5 40. Qc8+ Kg7 41. Ne8+ Kh6 42. Qc1 g5 43. Qxd2 Ba8 44. h4 Kh5 45. Qxg5# 1-0

[Event "GER-ch Net Amateur Gr-B Vor2"]
[Site "Playchess.com INT"]
[Date "2020.04.15"]
[Round "2"]
[White "Serreck, Uwe"]
[Black "Kosak, Matjaz"]
[Result "0-1"]
[WhiteElo "1676"]
[BlackElo "1513"]
[PlyCount "112"]
[EventDate "2020.04.15"]
[EventType "swiss (blitz)"]
[EventRounds "9"]
[EventCountry "GER"]
[SourceTitle "CBM 196 Extra"]
[Source "ChessBase"]
[SourceDate "2020.07.31"]
[SourceVersion "1"]
[SourceVersionDate "2020.07.31"]
[SourceQuality "1"]

1. e4 e5 2. Nf3 Nc6 3. d4 exd4 4. Nxd4 Bc5 5. Be3 Qf6 6. c3 d6 7. Qd2 Bd7 8. Be2 Qg6 9. Bf3 Ne5 10. b4 Bb6 11. Qc2 Nf6 12. Nd2 Nxf3+ 13. N4xf3 Bxe3 14. fxe3 Kf8 15. 0-0 Bh3 16. Rf2 Ng4 17. gxh3 Nxe3+ 18. Kh1 Nxc2 19. Rg1 Qe6 20. Ng5 Qxa2 21. Nxf7 Qxf7 22. Rxf7+ Kxf7 23. Rf1+ Ke7 24. Nf3 Rhf8 25. Kg1 Rae8 26. Nh4 Rxf1+ 27. Kxf1 g6 28. Ke2 Kf6 29. Kd3 Na3 30. Nf3 a6 31. Ng5 h6 32. Nf3 g5 33. Nd4 c5 34. Nf5 c4+ 35. Ke3 Nb5 36. Nxh6 Nxc3 37. Ng4+ Kg7 38. Kd4 Nxe4 39. Kxc4 Rc8+ 40. Kd5 Nf6+ 41. Nxf6 Kxf6 42. Kxd6 Rc4 43. h4 gxh4 44. Kd5 Rxb4 45. Kc5 Rb1 46. Kc4 a5 47. Kc5 a4 48. Kd6 a3 49. h3 a2 50. Kc7 a1Q 51. Kb8 Qc3 52. Ka8 b5 53. Ka7 Qc6 54. Kb8 b4 55. Ka7 Ra1+ 56. Kb8 Ra8# 0-1

[Event "GER-ch Net Amateur Gr-B Vor1"]
[Site "Playchess.com INT"]
[Date "2020.04.14"]
[Round "6"]
[White "Hagenbeck Huebert, Ben"]
[Black "Kosak, Matjaz"]
[Result "0-1"]
[WhiteElo "1717"]
[BlackElo "1652"]
[PlyCount "54"]
[EventDate "2020.04.14"]
[EventType "swiss (blitz)"]
[EventRounds "9"]
[EventCountry "GER"]
[SourceTitle "EXT 2021"]
[Source "ChessBase"]
[SourceDate "2020.10.23"]
[SourceVersion "1"]
[SourceVersionDate "2020.10.23"]
[SourceQuality "1"]

1. e4 e5 2. Nf3 Nc6 3. Nc3 Nf6 4. Bb5 Bb4 5. d3 Bxc3+ 6. bxc3 d6 7. h3 0-0 8. Bg5 Bd7 9. 0-0 Qe7 10. Re1 Nd8 11. d4 Bxb5 12. dxe5 dxe5 13. Bxf6 Qxf6 14. Qd5 Bc6 15. Qc5 Qd6 16. Qc4 Qe6 17. Qc5 b6 18. Qb4 a5 19. Qa3 f6 20. Rad1 Nb7 21. Rb1 Rad8 22. Qc1 Nc5 23. Qe3 Bxe4 24. Nd2 Bxc2 25. Rb2 Bg6 26. Rd1 Rd3 27. Qe2 Rfd8 0-1

[Event "Heusenstamm Sparkassen op-A 6th"]
[Site "Heusenstamm"]
[Date "2019.11.22"]
[Round "2"]
[White "Kosak, Matjaz"]
[Black "Neurohr, Juergen"]
[Result "0-1"]
[WhiteElo "1791"]
[BlackElo "2111"]
[PlyCount "96"]
[EventDate "2019.11.21"]
[EventType "swiss"]
[EventRounds "7"]
[EventCountry "GER"]
[SourceTitle "CBM 194 Extra"]
[Source "ChessBase"]
[SourceDate "2020.03.31"]
[SourceVersion "1"]
[SourceVersionDate "2020.03.31"]
[SourceQuality "1"]

1. e4 e6 2. d4 d5 3. exd5 exd5 4. Nf3 Nf6 5. Bd3 Bd6 6. Qe2+ Be7 7. 0-0 0-0 8. Re1 Bd6 9. Bg5 Bg4 10. h3 Bh5 11. g4 Bg6 12. Ne5 Re8 13. f4 Bxd3 14. Qxd3 c6 15. Nd2 Nbd7 16. Nxd7 Qxd7 17. Bxf6 gxf6 18. f5 Bc7 19. Qa3 Bb6 20. Qd3 Qd6 21. Re2 Rxe2 22. Qxe2 Qg3+ 23. Qg2 Bxd4+ 24. Kh1 Qxg2+ 25. Kxg2 Bxb2 26. Rb1 Bc3 27. Nf3 b6 28. Kf2 Re8 29. Rb3 Be5 30. Ke3 Bd6+ 31. Kd3 Bc5 32. Nd4 Bxd4 33. Kxd4 Re4+ 34. Kd3 Ra4 35. a3 Kg7 36. Kd2 Rd4+ 37. Ke2 Re4+ 38. Re3 Rxe3+ 39. Kxe3 h5 40. Kd4 hxg4 41. hxg4 Kh6 42. Ke3 Kg5 43. Kf3 c5 44. c3 b5 45. Kg3 a5 46. Kf3 b4 47. axb4 axb4 48. cxb4 cxb4 0-1